000 00969nam a22002537a 4500
003 SEM
005 20220608073649.0
008 170425b xxu||||| |||| 00| 0 fin
020 _a9789519396255
040 _aՍԷՄ
_cՍԷՄ
041 0 _afin.
245 0 0 _aKaaoksesta kokoelmaksi sodan ja evakuoinnin seurauksena syntynyt suomen ortodoksinen kirkkomuseo. /
_cKirjo.: T. Leskinen and oth.; Kään.: M. Hicks and oth.
246 1 1 _aFrom Chaos to a Collection.
_bThe Orthodox Church Museum of finland, born out of the war and the evacuation.
260 _aFinland:
_bGummerus Kirjapaino Oy,
_c2008.
300 _a91 p.;
_bill.;
_c29 cm.
650 _aMuseums
_valbum
_xOrthodox church
700 1 _aLeskinen Tersa
_4kirjo.
_eaut.
700 1 _aJaakola Minna
_4kirjo.
_eaut.
700 1 _aSturm Päivi
_4kirjo.
_eaut.
700 1 _aHicks Malcolm
_4kään.
_etrl.
700 _aWendland Lothar
_4kään.
_etrl.
700 _aKurrika Artur
_4kään.
_etrl.
942 _2udc
_cBK
999 _c66356
_d66356